[Event "Burgos Intercajas"]
[Site "Burgos"]
[Date "2011.10.24"]
[Round "2.5"]
[White "Riba Ferre, Eusebi"]
[Black "Fernandez Vega, Alberto"]
[Result "1/2-1/2"]
[WhiteElo "1917"]
[BlackElo "1966"]
[PlyCount "90"]
[EventDate "2011.10.23"]
[EventType "swiss"]
[EventRounds "6"]
[EventCountry "ESP"]
[SourceTitle "EXT 2024"]
[Source "ChessBase"]
[SourceDate "2023.10.10"]
[SourceVersion "1"]
[SourceVersionDate "2023.10.10"]
[SourceQuality "1"]
[WhiteTeam "Sabadell Coral Colon"]
[BlackTeam "Castilla La Mancha"]
[WhiteTeamCountry "ESP"]
[BlackTeamCountry "ESP"]

1. d4 Nf6 2. Nc3 d5 3. e4 Nxe4 4. Nge2 e6 5. Nxe4 dxe4 6. Nc3 f5 7. Bc4 c5 8. d5 exd5 9. Bxd5 Be7 10. Be3 Nd7 11. Qd2 Nf6 12. 0-0-0 Nxd5 13. Nxd5 0-0 14. Nxe7+ Qxe7 15. Qd5+ Qe6 16. Bxc5 Qxd5 17. Rxd5 Re8 18. b3 b6 19. Bb4 a5 20. Ba3 g6 21. Rhd1 Be6 22. Rd6 b5 23. Rb6 b4 24. Bb2 Kf7 25. Rb7+ Re7 26. Rb6 g5 27. Rdd6 a4 28. Rxb4 axb3 29. axb3 Rc8 30. c4 f4 31. Bd4 Rd7 32. Rbb6 Rxd6 33. Rxd6 h5 34. Kb2 Ke7 35. c5 Rb8 36. Rb6 Rxb6 37. cxb6 Bd5 38. Kc3 h4 39. Kb4 g4 40. Be5 e3 41. fxe3 fxe3 42. g3 hxg3 43. hxg3 e2 44. Bc3 Bb7 45. Kc5 Ke6 1/2-1/2